<?xml version="1.0" encoding="UTF-8"?>
<record
    xmlns:xsi="http://www.w3.org/2001/XMLSchema-instance"
    xsi:schemaLocation="http://www.loc.gov/MARC21/slim http://www.loc.gov/standards/marcxml/schema/MARC21slim.xsd"
    xmlns="http://www.loc.gov/MARC21/slim">

  <leader>02009nam a22002777a 4500</leader>
  <datafield tag="999" ind1=" " ind2=" ">
    <subfield code="c">21888</subfield>
    <subfield code="d">21888</subfield>
  </datafield>
  <controlfield tag="003">AR-CdUCM</controlfield>
  <controlfield tag="008">190425b           ||||| |||| 00| 0 spa d</controlfield>
  <datafield tag="040" ind1=" " ind2=" ">
    <subfield code="a">MUNICIPALIDAD PROVINCIAL DEL CUSCO</subfield>
    <subfield code="c">BIBLIOTECA MUNICIPAL DEL CUSCO</subfield>
  </datafield>
  <datafield tag="082" ind1=" " ind2=" ">
    <subfield code="a">Rev.FD/N&#xB0;1/1966</subfield>
  </datafield>
  <datafield tag="110" ind1=" " ind2=" ">
    <subfield code="a">Universidad Nacional De San Antonio Abad del Cuzco</subfield>
    <subfield code="9">14483</subfield>
  </datafield>
  <datafield tag="245" ind1=" " ind2=" ">
    <subfield code="a">Revista de la Facultad de Derecho de la Universidad Nacional de San Antonio Abad del Cuzco /</subfield>
    <subfield code="c">Universidad Nacional de San Antonio Abad del Cuzco</subfield>
  </datafield>
  <datafield tag="260" ind1=" " ind2=" ">
    <subfield code="a">Cusco :</subfield>
    <subfield code="b">H.G. Rozas,</subfield>
    <subfield code="c">1966.</subfield>
  </datafield>
  <datafield tag="300" ind1=" " ind2=" ">
    <subfield code="a">197 p&#xE1;ginas. :</subfield>
    <subfield code="c">24 cm.</subfield>
  </datafield>
  <datafield tag="440" ind1=" " ind2=" ">
    <subfield code="a">Revista de la Facultad de Derecho de la Universidad Nacional de San Antonio Abad del Cuzco.</subfield>
    <subfield code="n">N&#xB0;1, 1966.</subfield>
    <subfield code="9">46679</subfield>
  </datafield>
  <datafield tag="505" ind1=" " ind2=" ">
    <subfield code="a">Contenido: La reforma del c&#xF3;digo de Procedimientos civiles. Cesar Mu&#xF1;iz. -- Principios de derecho social y legislaci&#xF3;n del trabajo Luis Felipe Paredes. -- Informe sobre la situaci&#xF3;n jur&#xED;dico penal de los abor&#xED;genes peruanos.  Francisco Ponce de Le&#xF3;n.-- Algunos apuntes sobre las modificaciones del derecho civil franc&#xE9;s de los &#xFA;ltimos veinte a&#xF1;o. Jean Lisbonne.-- problemas que confronta el indigenismo y medio practico de soluci&#xF3;n. V&#xED;ctor Guillen. -- Clasificaci&#xF3;n de los actos jur&#xED;dicos, informe del se&#xF1;or decano de la Facultad de Derecho de la labor realizada en el a&#xF1;o acad&#xE9;mico de 1947. Leoncio Olaz&#xE1;bal. -- Informativo de la facultad. la Redacci&#xF3;n. -- Plan de estudios y distribuci&#xF3;n de cursos aprobados por el Consejo Universitario, en sesi&#xF3;n del 13 de enero de 1947. -- Relaci&#xF3;n de los alumnos matriculados en el a&#xF1;o acad&#xE9;mico de 1948 en la facultad de Derecho.</subfield>
  </datafield>
  <datafield tag="650" ind1=" " ind2=" ">
    <subfield code="a">Reforma del c&#xF3;digo de Procedimientos civiles</subfield>
    <subfield code="9">46680</subfield>
  </datafield>
  <datafield tag="650" ind1=" " ind2=" ">
    <subfield code="a">Legislaci&#xF3;n del trabajo </subfield>
    <subfield code="9">30756</subfield>
  </datafield>
  <datafield tag="650" ind1=" " ind2=" ">
    <subfield code="a">Abor&#xED;genes peruanos</subfield>
    <subfield code="9">29820</subfield>
  </datafield>
  <datafield tag="650" ind1=" " ind2=" ">
    <subfield code="a">Derecho Social</subfield>
    <subfield code="9">46681</subfield>
  </datafield>
  <datafield tag="700" ind1=" " ind2=" ">
    <subfield code="a">Mu&#xF1;iz, Cesar</subfield>
    <subfield code="9">45904</subfield>
  </datafield>
  <datafield tag="700" ind1=" " ind2=" ">
    <subfield code="a">Ponce de Le&#xF3;n, Francisco</subfield>
    <subfield code="9">29819</subfield>
  </datafield>
  <datafield tag="700" ind1=" " ind2=" ">
    <subfield code="a">Lisbonne, Jean</subfield>
    <subfield code="9">46682</subfield>
  </datafield>
  <datafield tag="700" ind1=" " ind2=" ">
    <subfield code="a">Guillen, Victor</subfield>
    <subfield code="9">45908</subfield>
  </datafield>
  <datafield tag="942" ind1=" " ind2=" ">
    <subfield code="2">ddc</subfield>
    <subfield code="c">PP</subfield>
  </datafield>
  <datafield tag="945" ind1=" " ind2=" ">
    <subfield code="a">rac</subfield>
  </datafield>
  <datafield tag="952" ind1=" " ind2=" ">
    <subfield code="0">0</subfield>
    <subfield code="2">ddc</subfield>
    <subfield code="4">0</subfield>
    <subfield code="7">0</subfield>
    <subfield code="a">HEM</subfield>
    <subfield code="b">HEM</subfield>
    <subfield code="c">CART</subfield>
    <subfield code="d">2021-09-13</subfield>
    <subfield code="g">10.00</subfield>
    <subfield code="o">Rev.FD/N&#xB0;1/1966</subfield>
    <subfield code="p">REVC000406</subfield>
    <subfield code="r">2021-09-13</subfield>
    <subfield code="y">PP</subfield>
  </datafield>
  <datafield tag="952" ind1=" " ind2=" ">
    <subfield code="0">0</subfield>
    <subfield code="2">ddc</subfield>
    <subfield code="4">0</subfield>
    <subfield code="7">0</subfield>
    <subfield code="a">HEM</subfield>
    <subfield code="b">HEM</subfield>
    <subfield code="c">CART</subfield>
    <subfield code="d">2021-09-13</subfield>
    <subfield code="g">10.00</subfield>
    <subfield code="o">Rev.FD/N&#xB0;1/1966/e.2</subfield>
    <subfield code="p">REVC000407</subfield>
    <subfield code="r">2021-09-14</subfield>
    <subfield code="y">PP</subfield>
  </datafield>
</record>
